000 00674cab a2200241 4500
001 WB3121-14
008 090401t1995 xxu||||| |||| 00| 0 eng d
035 _a(Sirsi) u17234
041 _aeng
245 _aNew approach to elderly care
260 _c1995
350 _a0
490 _aFinancial Times
_v29 May 1995, 7;
490 _aScotsman
_v29 May 1995, 28(2)
520 _aThe Co-op has announced plans to set up non-profit day centres and residential homes for the elderly.
650 _aCO-OP
650 _aELDERLY PEOPLE
650 _aNURSING HOMES
650 _aRESIDENTIAL CARE
690 _aECONOMIC AND SOCIAL
942 _n0
948 _c04/03/1997
999 _c11427
_d11427